000 00834nam0a22002291 4500
001 rc\1113158
005 20260407142232.0
035 _a(NLR Aleph) 006357261
090 _a4864318
_c4864318
100 _a20041126d1982 |||y0rusy50 ca
101 0 _arus
102 _aRU
105 _ay |||||||||
200 1 _aУказания по составлению раздела "Технико-экономические показатели" проектов (рабочих проектов)
_eУтв. МосгипроНИИсельстроем 28.12.81
210 _aМ.
_cБ. и.
_d1982
215 _a41 с.
_d22
712 0 2 _a"МосгипроНИИсельстрой", институт
_3RU\NLR\AUTH\8810011781
_9521284
801 0 _aRU
_bNLR
_gpsbo
801 1 _aRU
_bELAR
_2rusmarc
852 _aNLR
_j82-4/31867
942 _cBOOK
980 _aNB